书目信息 |
| 题名: |
暖系水彩插画手绘教程
|
|
| 作者: | 那仁 编著 | |
| 分册: | ||
| 出版信息: | 北京 人民邮电出版社 2017 |
|
| 页数: | 204页 | |
| 开本: | 26cm | |
| 丛书名: | 插画师之路 | |
| 单 册: | ||
| 中图分类: | J218.5 , J215 | |
| 科图分类: | ||
| 主题词: | 水彩画--Shui Cai Hua--插图(绘画)--绘画技法 | |
| 电子资源: | ||
| ISBN: | 978-7-115-44873-6 | |
| 000 | 01021nam0 2200277 450 | |
| 001 | 012001007518 | |
| 005 | 20141019170405.0 | |
| 010 | @a978-7-115-44873-6@dCNY69.00 | |
| 099 | @aCAL 012017123750 | |
| 100 | @a20170626d2017 ekmy0chiy50 ea | |
| 101 | 0 | @achi |
| 102 | @aCN@b110000 | |
| 105 | @aa z 000yy | |
| 106 | @ar | |
| 200 | 1 | @a暖系水彩插画手绘教程@ANuan Xi Shui Cai Cha Hua Shou Hui Jiao Cheng@f那仁编著 |
| 210 | @a北京@c人民邮电出版社@d2017 | |
| 215 | @a204页@d26cm | |
| 225 | 2 | @a插画师之路@ACha Hua Shi Zhi Lu |
| 330 | @a本书共分7章,第1章介绍了水彩插画的工具;第2章讲解了画插画的基本绘制技法;第3章讲解了插画的特殊绘制技巧;4~7章是案例示范,包括了花卉、甜品、小动物和人物这4大类。整本书的案例由简到繁,讲解透彻,从而能让读者们进行快速、有效的学习。 | |
| 410 | 0 | @12001 @a插画师之路 |
| 606 | 0 | @a水彩画@AShui Cai Hua@x插图(绘画)@x绘画技法 |
| 690 | @aJ218.5@v5 | |
| 690 | @aJ215@v5 | |
| 701 | 0 | @a那仁@ANa Ren@4编著 |
| 801 | 2 | @aCN@b上海新华@c20191020 |
| 905 | @b1175262-5@dJ218.5@e1071@f4 | |
| 暖系水彩插画手绘教程/那仁编著.-北京:人民邮电出版社,2017 |
| 204页;26cm.-(插画师之路) |
| ISBN 978-7-115-44873-6:CNY69.00 |
| 本书共分7章,第1章介绍了水彩插画的工具;第2章讲解了画插画的基本绘制技法;第3章讲解了插画的特殊绘制技巧;4~7章是案例示范,包括了花卉、甜品、小动物和人物这4大类。整本书的案例由简到繁,讲解透彻,从而能让读者们进行快速、有效的学习。 |
| ● |
| 相关链接 |
|
|
|
|
正题名:暖系水彩插画手绘教程
索取号:J218.5/1071
 
预约/预借
| 序号 | 登录号 | 条形码 | 馆藏地/架位号 | 状态 | 备注 |
| 1 | 1175262 | 211752628 | 第一样本阅览室/ [索取号:J218.5/1071] | 在馆 | |
| 2 | 1175263 | 211752637 | 第一借阅区/ [索取号:J218.5/1071] | 在馆 | |
| 3 | 1175264 | 211752646 | 第一借阅区/ [索取号:J218.5/1071] | 在馆 | |
| 4 | 1175265 | 211752655 | 第一借阅区/ [索取号:J218.5/1071] | 在馆 |